Регионална библиотека "Любен Каравелов" - Русе

Гьоте (Запис номер 182085)

MARC детайли
000 -Лидер
Контролно поле с фиксирана дължина 01475nam a2200337 c 4500
003 - Код на организацията, давaща контролен номер
Контролно поле BLK
005 - Дата и час на последна редакция
Контролно поле 20180422115213.0
008 - Елементи от данни с фиксирана дължина
fixed length control field 180411b bul|||||r ||||||| ||bul||
010 ## - Наследен системен номер
LC control number KNG00191008000
040 ## - Източник на каталожния запис
Идентификатор на билиотеката - собственик на записа BLK
041 ## - Код за език
Код за езика на текст/звукозапис или на отделно заглавие Български
Код за езика КДБФ Български
080 ## - УДК
Текстов определител УДК Немска литература
УДК код - определител по УДК 821.112.2
УДК определител (092)
УДК - код + определител 821.112.2(092)
080 ## - УДК
Текстов определител УДК Немски писател, поет, драматург, хуманист, учен, философ и политик
УДК код - определител по УДК 929 Гьоте, Йохан Волфганг фон
УДК определител
УДК - код + определител 929 Гьоте, Йохан Волфганг фон
100 1# - Редна дума - Автор
Автор Гълъбов, Константин
Авторска отговорност първи автор
R(LIN) 286971
139 ## - Редно поле
Редна дума Гълъбов, Константин
Авторски знак Гъл - Г 96
245 10 - Сведения за заглавието
Заглавие Гьоте
Подзаглавни данни От барок и рококо към реализъм и класицизъм в литературата
Редно поле (дума) Константин Гълъбов.
257 ## - Страна на издаване
Страна на създаване/издаване България
260 ## - Област на издателските данни
-- София
Име на издателя, разпространителя и проч. Наука и изкуство
Година на издаване 1961
300 ## - Физическа характеристика
Страници 443 с.
Размери/Мащаб 25 см
380 ## - Жанр
Жанр Литературознание
600 14 - Име на лице, използвано като предмет
За него / За нея Гьоте, Йохан Волфганг фон
9 (RLIN) 363966
650 #4 - Допълнително описание по предмет – тема
Основно описание – тема или топоним Немска литература - критика
9 (RLIN) 265421
650 #4 - Допълнително описание по предмет – тема
Основно описание – тема или топоним Гьоте, Йохан Фолфганг фон
9 (RLIN) 152737
653 ## - Ключова дума – ненормативна
Ключова дума немска литература
653 ## - Ключова дума – ненормативна
Ключова дума Йохан Гьоте
852 ## - Местоположение
Форматна сигнатура Цб 19756
856 4# - Електронен адрес и достъп
Електронен формат pdf - файл
Път до файла /url/
856 4# - Електронен адрес и достъп
Електронен формат pdf - файл
Път до файла /url/
942 ## - АРТИКУЛИ
Вид на библиотечния материал Книги
Скрит в OPAC Не
944 ## - СЪЗДАВАНЕ И РЕДАКЦИЯ на ЗАПИСА
Създаване/Редакция Създаване
Дата на регистрацията/редакция 29.09.2016
Служител, извършил регистрацията/редакцията Камелия_Данева
944 ## - СЪЗДАВАНЕ И РЕДАКЦИЯ на ЗАПИСА
Създаване/Редакция Редакция
Дата на регистрацията/редакция 29.09.2016
Служител, извършил регистрацията/редакцията Камелия_Данева
999 ## - СИСТЕМНИ КОНТРОЛНИ НОМЕРА
Koha biblionumber 182085
Koha biblioitemnumber 182085
Наличности
Код за отписване Код за изгубен артикул Източник на класификационната схема Код за повреда Коз за рестрикции Код за отдаване Артикулен № Име на библиотеката - собственик Име на библиотеката, в която се намира в момента Статус (Текущо местоположение) Дата на вписване в системата Местоположение - отдел Цена в лева Инвентарен номер Систематично азбучна сигнатура Баркод Номер на екземпляра Цена в евро Служебна бележка Служебен тип на артикула
  Не е изгубен Universal Decimal Classification Не е повреден без рестрикции ползва се в читалня 312188 Регионална библиотека "Любен Каравелов" Русе Регионална библиотека "Любен Каравелов" Русе Хранилище 1961-01-01 Хранилище 2.19 10214/61 Цб 19756 900000087087 1 1.12 N: стар фонд Дата: 01.01.1961 Книги
Изтеглен Не е изгубен Universal Decimal Classification Не е повреден без рестрикции заемане за дома 312189 Регионална библиотека "Любен Каравелов" Русе Регионална библиотека "Любен Каравелов" Русе Заемна - подръчен фонд 1961-01-01 Заемна - подръчен фонд 0.00 10551/61 П 830(092)/Г 96 10551/61 2 0.00 N: стар фонд Дата: 01.01.1961 Книги
Изтеглен Не е изгубен Universal Decimal Classification Не е повреден без рестрикции заемане за дома 312190 Регионална библиотека "Любен Каравелов" Русе Регионална библиотека "Любен Каравелов" Русе Заемна - подръчен фонд 1961-01-01 Заемна - подръчен фонд 0.00 10554/61 П 830(092)/Г 96 10554/61 3 0.00 N: стар фонд Дата: 01.01.1961 Книги
Vip Innovations Ltd, Rousse, Bulgaria 2025